Ciencias Sociales en América Latina y el Caribe 2001-2001 /

Gardado en:
Detalles Bibliográficos
Autores Corporativos: CLACSO, UNESCO
Formato: Texto
Publicado: Buenos Aires: CENEDIC. CLACSO
Etiquetas: Engadir etiqueta
Sen Etiquetas, Sexa o primeiro en etiquetar este rexistro!

MARC

LEADER 00000 a a2200000 04500
001 29850
003
040
020 |a 950-9231-82-7  
090 |a 194114  |b RECURSO ELECTRONICO  
110 |a CLACSO  
245 |a Ciencias Sociales en América Latina y el Caribe 2001-2001 /  |c CLACSO  
260 |a Buenos Aires:   |b CENEDIC. CLACSO  
500 |a También impreso No. de acceso 189100-0Debe ser instaladoTambién impreso No. de acceso 189100-0Debe ser instalado  
710 |a UNESCO  
999 |c 8878  |d 8878